Study strategies for college /

Bibliographic Details
Main Author: Knight, Theodore O.
Format: Book
Language:English
Published: Homewood, IL : Irwin, [1993]
Subjects:

MARC

Tag First Indicator Second Indicator Subfields
LEADER 00000cam a2200000 a 4500
001 in00001149621
005 20151001071211.0
008 921029s1993 iluab 001 0 eng
010 |a  92041388  
020 |a 0256125686 
035 |a (OCoLC)27013040 
035 |9 AGE2398AM 
040 |a DLC  |c DLC  |d TXA  |d UtOrBLW 
043 |a n-us--- 
049 |a TXAM 
050 0 0 |a LB2395  |b .K55 1993 
082 0 0 |a 378.1/7/02812  |2 20 
100 1 |a Knight, Theodore O. 
245 1 0 |a Study strategies for college /  |c Theodore O. Knight. 
264 1 |a Homewood, IL :  |b Irwin,  |c [1993] 
264 4 |c ©1993 
300 |a xv, 538 pages :  |b illustrations (some color), map ;  |c 28 cm. 
336 |a text  |b txt  |2 rdacontent 
337 |a unmediated  |b n  |2 rdamedia 
338 |a volume  |b nc  |2 rdacarrier 
500 |a Includes indexes. 
650 0 |a Study skills. 
650 0 |a Education, Higher  |z United States. 
999 |a MARS 
999 f f |s 84d992d5-1e6d-3714-b4bf-3eeabe65e9c4  |i 88fa98b4-d020-3d21-87ef-b62885173b59  |t 0 
952 f f |p normal  |a Texas A&M University  |b College Station  |c Sterling C. Evans Library  |d Evans: Library Stacks  |t 0  |e LB2395 .K55 1993  |h Library of Congress classification  |i unmediated -- volume  |m A14817742246 
998 f f |a LB2395 .K55 1993  |t 0  |l Evans: Library Stacks